| 000 | 02759nam0a2200433 4500 | ||
|---|---|---|---|
| 001 | RU\NLR\bibl\2004971 | ||
| 005 | 20260408093350.0 | ||
| 010 |
_a978-5-93572-473-3 _9600 |
||
| 021 |
_aRU _b2013-17693 _91244 |
||
| 021 |
_aRU _b2013-1893и _9211и |
||
| 035 | _a(NLR Aleph) 001993633 | ||
| 090 |
_a4260073 _c4260073 |
||
| 100 | _a20130227d2012 |||y0rusy50 ca | ||
| 101 | 0 | _arus | |
| 102 | _aRU | ||
| 105 | _aa ||||||||| | ||
| 200 | 1 |
_aПаула Модерзон-Бекер и художники Ворпсведе _dPaula Modersohn-Becker and Worpswede artists _eрисунки и гравюры. 1895-1906 _eкаталог выставки из собрания Института связей с зарубежными странами (ifa) _zeng |
|
| 210 |
_aСанкт-Петербург _cИзд-во Государственного Эрмитажа _d2012 |
||
| 215 |
_a42, [1] с. _cил., цв. ил., портр. _d22 |
||
| 225 | 1 | _aЭрмитаж-250 | |
| 300 | _aВ надзаг.: Гос. Эрмитаж | ||
| 316 |
_aЭкслибрис: Дар Эрмитажа _5NLR |
||
| 510 | 0 |
_aPaula Modersohn-Becker and Worpswede artists _zeng |
|
| 600 | 1 |
_aМодерзон-Бекер _bП. _f1876 - 1907 _gПаула _jКаталоги _xВыставки _yСанкт-Петербург, город _z2012 _92149913 _3RU\NLR\auth\661599569 |
|
| 601 | 0 | 2 |
_aГруппа художников _cВорпсведе, коммуна; Германия _jКаталоги _xВыставки _yСанкт-Петербург, город _z2012 _92149911 _3RU\NLR\auth\661599568 |
| 601 | 0 | 2 |
_aГосударственный Эрмитаж _cСанкт-Петербург, город _jКаталоги _xВыставки _z2012 _92138870 _3RU\NLR\auth\661593836 |
| 686 | _aЩ101.3(2Р)-2Санкт-Петербург2Гос.Эрмитаж л62 | ||
| 686 | _aЩ153(4Г)5-8Модерзон л62 | ||
| 686 | _aЩ103(4Г)5-29л62 | ||
| 702 | 1 |
_4570 _8rus _7ca _aМодерзон-Бекер _bП. _f1876-1907 _gПаула _3RU\NLR\auth\77121144 _9104069 |
|
| 711 | 1 | 2 |
_a"Паула Модерзон-Бекер и художники группы Ворпсведе", выставка _f2012 _eСанкт-Петербург _3RU\NLR\AUTH\8810233624 _9352377 |
| 712 | 0 | 2 |
_4570 _aГруппа художников _cВорпсведе _3RU\NLR\AUTH\8810233625 _9352379 |
| 712 | 0 | 2 |
_4570 _aИнститут связей с зарубежными странами _cШтуттгарт _3RU\NLR\AUTH\8810233623 _9352375 |
| 712 | 0 | 2 |
_4570 _aГосударственный Эрмитаж _cСанкт-Петербург _3RU\NLR\AUTH\883267 _9277747 |
| 801 | 0 |
_aRU _bNLR _c20130227 _gRCR |
|
| 801 | 1 |
_aRU _bNLR _c20130227 |
|
| 942 | _cBOOK | ||
| 980 | _aNB | ||